000 00475pab a2200169 454500
008 180718b1997 xxu||||| |||| 00| 0 eng d
100 _aHaskel, Jonathan
245 _aLabour market flexibility and employment adjustment: micro evidence from U.K. establishments
260 _c1997
300 _ap.362-79
362 _aJul
650 _aLabour market
700 _aMartin, Christopher
700 _aKersley, Barbara
773 _aOxford Economic Papers
909 _a34848
999 _c34848
_d34848